| 000 | 00508nam a2200145Ia 4500 | ||
|---|---|---|---|
| 008 | 230917s9999||||xx |||||||||||||| ||und|| | ||
| 040 |
_e206831 _aMAIN |
||
| 041 | _aEnglish | ||
| 082 | _a891.43172109 VA215:TI | ||
| 100 | _aठाकुर, इन्द्र सिहं | ||
| 245 | 0 | _aअटल बिहारी वाजपेयी की कविताएँ | |
| 260 |
_aनई दिल्ली _bनिर्मल पब्लिकेशन्स _c2009 |
||
| 300 | _av, 71 p. | ||
| 942 | _cHN | ||
| 999 |
_c176387 _d176387 |
||